书目信息 |
| 题名: |
事故预防心理学
|
|
| 作者: | 胡一本 , 周评 著 | |
| 分册: | ||
| 出版信息: | 北京 人民教育出版社 2001 |
|
| 页数: | 258页 | |
| 开本: | 21cm | |
| 丛书名: | ||
| 单 册: | ||
| 中图分类: | B845.67 , X928.03 | |
| 科图分类: | ||
| 主题词: | 事故--预防--心理学 | |
| 电子资源: | ||
| ISBN: | 7-107-13482-5 | |
| 000 | 00810nam0 2200241 450 | |
| 001 | 1557613891 | |
| 005 | 20150124160032.53 | |
| 010 | @a7-107-13482-5@dCNY14.70 | |
| 100 | @a20010619d2001 ekmy0chiy0110 ea | |
| 101 | 0 | @achi |
| 102 | @aCN@b110000 | |
| 105 | @ay z 000yy | |
| 200 | 1 | @a事故预防心理学@9shi gu yu fang xin li xue@f胡一本,周评著 |
| 210 | @a北京@c人民教育出版社@d2001 | |
| 215 | @a258页@d21cm | |
| 330 | @a本书包括心理学与事故预防,操作决策与动作反应,情绪与事故预防,人格特征对操作行为的影响,事故预防的群体动力学,人机系统理论对事故预防的研究,安全态度与事故倾向等内容。 | |
| 606 | 0 | @a事故@x预防@x心理学 |
| 690 | @aB845.67@v5 | |
| 690 | @aX928.03@v5 | |
| 701 | 0 | @a胡一本@9hu yi ben@4著 |
| 701 | 0 | @a周评@9zhou ping@4著 |
| 801 | 0 | @aCN@bTSSF@c20150115 |
| 905 | @aZUCC@dB845.67@eJY1 | |
| 事故预防心理学/胡一本,周评著.-北京:人民教育出版社,2001 |
| 258页;21cm |
| ISBN 7-107-13482-5:CNY14.70 |
| 本书包括心理学与事故预防,操作决策与动作反应,情绪与事故预防,人格特征对操作行为的影响,事故预防的群体动力学,人机系统理论对事故预防的研究,安全态度与事故倾向等内容。 |
| ● |
| 相关链接 |
|
|
|
|
正题名:事故预防心理学
索取号:B845.67/JY1
 
预约/预借
| 序号 | 登录号 | 条形码 | 馆藏地/架位号 | 状态 | 备注 |
| 1 | 7846072 | 278460728 | 学院路分馆/ [索取号:B845.67/JY1] | 在馆 |